| 000 | 00730cam a2200253 a 4500 | ||
|---|---|---|---|
| 008 | |||
| 020 | _a0743260872 (pbk.) | ||
| 049 | _aMAIN | ||
| 090 |
_aHD41 _bPOR |
||
| 100 | 1 | _aPorter, Michael E. | |
| 245 | 1 | 0 |
_aCompetitive advantage : _bcreating and sustaining superior performance / _cMichael E. Porter |
| 260 |
_aNew York : _bFree, _c2004 |
||
| 300 |
_a576 p. ; _c24 cm |
||
| 500 | _aIncludes index. | ||
| 504 | _aIncludes bibliographical references. | ||
| 650 | 0 | _aCompetition | |
| 650 | 0 | _aPerformance | |
| 650 | 0 | _aIndustrial management | |
| 907 |
_a.b10374644 _b24-03-20 _c27-07-16 |
||
| 003 | |||
| 005 | 20230123122224.0 | ||
| 040 | _cNUST | ||
| 942 |
_cBOOKS _kHD41 _mPOR |
||
| 999 |
_c129909 _d129909 |
||